Paesi in cui il matrimonio gay è legale - morte improvvisa - Statistics

Statistiche generali
  • Questo quiz è stato fatto 181 volte
  • Il punteggio medio è 8 su 19
Answers on the Grid
Answers color-coded by a green-red scale on the quiz's grid according to % correct below.
Arabia Saudita
Australia
Bhutan
Botswana
Brasile
Cina
Egitto
Estonia
Grecia
Haiti
Spagna
Paesi Bassi
Honduras
India
Irlanda
Israele
Giappone
Canada
Colombia
Costa Rica
Messico
Nuova Zelanda
Polonia
Portogallo
Sudafrica
Stati Uniti
Svizzera
Tailandia
Taiwan
Gran Bretagna
 
Statistiche sulle risposte
Risposta % Corretto
Australia
73%
Spagna
73%
Paesi Bassi
65%
Gran Bretagna
55%
Svizzera
55%
Irlanda
50%
Canada
48%
Stati Uniti
48%
Portogallo
44%
Grecia
42%
Brasile
40%
Estonia
40%
Nuova Zelanda
35%
Tailandia
23%
Taiwan
21%
Colombia
18%
Messico
18%
Sudafrica
18%
Costa Rica
15%
Nessun quiz corrispondente trovato
Distribuzione punteggi
Percentuale di utenti per punteggio
Percentile per numero di risposta
I tuoi punteggi nel tempo
Non hai fatto questo quiz